[Event "Reunion op 12th"]
[Site "St Denis"]
[Date "2010.10.10"]
[Round "2"]
[White "Nassau, Jean Bertrand"]
[Black "Firoaguer, Beatrice"]
[Result "1/2-1/2"]
[WhiteElo "1510"]
[BlackElo "1280"]
[PlyCount "34"]
[EventDate "2010.10.09"]
[EventType "swiss"]
[EventRounds "9"]
[EventCountry "RUF"]
[SourceTitle "CBM 138 Extra"]
[Source "ChessBase"]
[SourceDate "2010.10.29"]
[SourceVersion "1"]
[SourceVersionDate "2010.10.29"]
[SourceQuality "1"]

1. e4 e5 2. Nf3 Nc6 3. Bb5 Nf6 4. 0-0 Bc5 5. b4 Bxb4 6. c3 Bc5 7. d4 a6 8. Bxc6 bxc6 9. dxc5 d6 10. cxd6 cxd6 11. Bg5 0-0 12. Nbd2 h6 13. Bh4 g5 14. Nxg5 hxg5 15. Bxg5 Bg4 16. Qxg4 Nxg4 17. Bxd8 Raxd8 1/2-1/2

[Event "Reunion op 11th"]
[Site "St Denis"]
[Date "2009.10.14"]
[Round "5"]
[White "Ringayen, Rose May"]
[Black "Firoaguer, Beatrice"]
[Result "1-0"]
[WhiteElo "1040"]
[BlackElo "1230"]
[PlyCount "113"]
[EventDate "2009.10.10"]
[EventType "swiss"]
[EventRounds "9"]
[EventCountry "RUF"]
[SourceTitle "CBM 132 Extra"]
[Source "ChessBase"]
[SourceDate "2009.11.03"]
[SourceVersion "1"]
[SourceVersionDate "2009.11.03"]
[SourceQuality "1"]

1. e4 e6 2. d4 c5 3. Nf3 Nc6 4. Nc3 d5 5. e5 Bd7 6. Be3 Be7 7. dxc5 Rc8 8. Be2 b6 9. b4 Nxb4 10. Nd4 bxc5 11. Ndb5 c4 12. Nxa7 Ra8 13. 0-0 Qb8 14. a3 Qxe5 15. Qd2 Bd6 16. g3 Nc6 17. Bf4 Qd4 18. Nxc6 Qxd2 19. Bxd2 Bxc6 20. a4 Ne7 21. Bf4 e5 22. Bc1 0-0 23. Rd1 Nf5 24. Bf3 Nd4 25. Bxd5 Nf3+ 26. Bxf3 Bxf3 27. Rxd6 Rad8 28. Ba3 f5 29. Nb5 Be4 30. Re6 Bxc2 31. Bxf8 Kxf8 32. Na3 Bb3 33. a5 c3 34. Rxe5 g6 35. Rc1 Rc8 36. Nb5 c2 37. Nd4 Kf7 38. Nxb3 Kf6 39. Rc5 Re8 40. R5xc2 g5 41. Rc6+ Kg7 42. h3 f4 43. gxf4 gxf4 44. Kh2 h5 45. Rg1+ Kf8 46. Rf6+ Ke7 47. Rxf4 h4 48. Rxh4 Kf6 49. a6 Re2 50. Rf4+ Ke5 51. Rgg4 Rxf2+ 52. Rxf2 Kd5 53. Rf5+ Kc6 54. Na5+ Kb6 55. Rg6+ Ka7 56. Rf7+ Ka8 57. Rg8# 1-0

[Event "Reunion op 11th"]
[Site "St Denis"]
[Date "2009.10.12"]
[Round "4"]
[White "Firoaguer, Beatrice"]
[Black "Payet, Daniel"]
[Result "0-1"]
[WhiteElo "1230"]
[BlackElo "1490"]
[PlyCount "56"]
[EventDate "2009.10.10"]
[EventType "swiss"]
[EventRounds "9"]
[EventCountry "RUF"]
[SourceTitle "CBM 132 Extra"]
[Source "ChessBase"]
[SourceDate "2009.11.03"]
[SourceVersion "1"]
[SourceVersionDate "2009.11.03"]
[SourceQuality "1"]

1. d4 d5 2. c4 c6 3. Nf3 Nf6 4. Nc3 Bf5 5. e3 Nbd7 6. Bd3 Bg6 7. 0-0 e6 8. Bxg6 hxg6 9. b3 Qc7 10. Re1 Bd6 11. c5 Bxh2+ 12. Nxh2 Qxh2+ 13. Kf1 Qh1+ 14. Ke2 Qxg2 15. Bd2 Rh2 16. Rf1 Ne4 17. Nxe4 dxe4 18. Bc3 0-0-0 19. Qc2 Nf6 20. Kd2 Nd5 21. Qd1 Rdh8 22. Kc2 Nxe3+ 23. Kb2 Nxd1+ 24. Rfxd1 Qxf2+ 25. Ka3 Qe2 26. Ba5 R8h3 27. Re1 Qb5 28. Bc3 Qa6+ 0-1

[Event "Reunion op 09th"]
[Site "Reunion"]
[Date "2007.10.16"]
[Round "4"]
[White "Lorans, Maxime"]
[Black "Firoaguer, Beatrice"]
[Result "1-0"]
[WhiteElo "1009"]
[BlackElo "1499"]
[PlyCount "61"]
[EventDate "2007.10.14"]
[EventType "swiss"]
[EventRounds "9"]
[EventCountry "RUF"]
[SourceTitle "EXT 2012"]
[Source "ChessBase"]
[SourceDate "2011.11.24"]
[SourceVersion "1"]
[SourceVersionDate "2011.11.24"]
[SourceQuality "1"]

1. e4 e5 2. Bc4 Qe7 3. d3 d6 4. Nf3 h6 5. 0-0 g5 6. Nc3 a6 7. b3 Bd7 8. Nd5 Qd8 9. Ba3 Nc6 10. c3 b5 11. Nb6 cxb6 12. Bd5 Rc8 13. c4 b4 14. Bb2 a5 15. a3 bxa3 16. Bxa3 Nf6 17. Bxc6 Bxc6 18. b4 a4 19. b5 Bb7 20. Qxa4 Ra8 21. Qb3 g4 22. Nh4 Be7 23. Nf5 Kd7 24. Nxe7 Kxe7 25. Rfd1 Qg8 26. Qb4 Kd7 27. Qxd6+ Kc8 28. Qxf6 g3 29. Qf5+ Kd8 30. Qf6+ Ke8 31. Qe7# 1-0